000 00312nam a22001337a 4500
008 171006b xxu||||| |||| 00| 0 eng d
020 _a0881674923
041 _aeng
080 _23RD
_a 159.9
100 _a49
101 _aPSI
245 _aHEMOPHILIA IN THE CHILD AND ADULT
_cHILGARTNER,M.W
942 _2udc
_cBK
999 _c32399
_d32399